Phytochrome and plant growth (Record no. 53628)

MARC details
000 -LEADER
fixed length control field 00675nam a2200193 a 4500
008 - FIXED-LENGTH DATA ELEMENTS--GENERAL INFORMATION
fixed length control field 071218s1976 ||||||||||||||||| || u
020 ## - INTERNATIONAL STANDARD BOOK NUMBER
International Standard Book Number 0713125616
050 ## - LIBRARY OF CONGRESS CALL NUMBER
Classification number QK 898.P67 Ken
100 ## - MAIN ENTRY--PERSONAL NAME
Personal name Frankland, Barry
245 10 - TITLE STATEMENT
Title Phytochrome and plant growth
Statement of responsibility, etc. Richard E. Kendrick; Barry Frankland
260 ## - PUBLICATION, DISTRIBUTION, ETC.
Place of publication, distribution, etc. London
Name of publisher, distributor, etc. Arnold
Date of publication, distribution, etc. 1976
300 ## - PHYSICAL DESCRIPTION
Extent 69p.: ill.
350 ## - PRICE (NR) (BK AM CF MU VM SE) [OBSOLETE]
Price 0.00
650 ## - SUBJECT ADDED ENTRY--TOPICAL TERM
Topical term or geographic name entry element PLANTS
650 ## - SUBJECT ADDED ENTRY--TOPICAL TERM
Topical term or geographic name entry element Plants--Photomorphogenesis
650 ## - SUBJECT ADDED ENTRY--TOPICAL TERM
Topical term or geographic name entry element PHYTOCHROME
700 ## - ADDED ENTRY--PERSONAL NAME
Personal name Kendrick, Richard E
995 ## - RECOMMENDATION 995 [LOCAL, UNIMARC FRANCE]
-- 0.00
-- CBU-MAIN LIBRARY (Kitwe)
-- 1
-- 0.00
-- 1
-- AVAILABLE
-- Dec 18, 2007
-- Annex Low-Usage Collection
Holdings
Withdrawn status Lost status Source of classification or shelving scheme Damaged status Not for loan Home library Current library Shelving location Date acquired Total Checkouts Full call number Barcode Date last seen Price effective from Koha item type
          CBU-MAIN LIBRARY, KITWE. CBU-MAIN LIBRARY, KITWE.   11/30/2022   QK 898.P67 Ken 738231 11/30/2022 11/30/2022 MONOGRAPH